000
00227nam a22000857a 4500
008
240416b |||||||| |||| 00| 0 eng d
020
_a
9789355558800
100
_a
MTG LEANING MEDIA P LTS
_9
7769
245
_a
BIOLOGY CLASS XI-XII NEET
999
_c
12569
_d
12569